CSO Bulletin (Record no. 6647)
[ view plain ]
| 000 -LEADER | |
|---|---|
| fixed length control field | 00683nam a22002057i 4500 |
| 001 - CONTROL NUMBER | |
| control field | 7847 |
| 003 - CONTROL NUMBER IDENTIFIER | |
| control field | OSt |
| 005 - DATE AND TIME OF LATEST TRANSACTION | |
| control field | 20170126082404.0 |
| 007 - PHYSICAL DESCRIPTION FIXED FIELD--GENERAL INFORMATION | |
| fixed length control field | tu |
| 008 - FIXED-LENGTH DATA ELEMENTS--GENERAL INFORMATION | |
| fixed length control field | 161220s xxu||||| |||| 00| 0 d |
| 024 7# - OTHER STANDARD IDENTIFIER | |
| Standard number or code | 7847 |
| Source of number or code | RID |
| 040 ## - CATALOGING SOURCE | |
| Transcribing agency | OSt |
| 110 2# - MAIN ENTRY--CORPORATE NAME | |
| Corporate name or jurisdiction name as entry element | Czech Statistical Office |
| 245 00 - TITLE STATEMENT | |
| Title | CSO Bulletin |
| 260 ## - PUBLICATION, DISTRIBUTION, ETC. | |
| Place of publication, distribution, etc. | Czech Republic. |
| 490 ## - SERIES STATEMENT | |
| Series statement | CSO Bulletin |
| 651 ## - SUBJECT ADDED ENTRY--GEOGRAPHIC NAME | |
| Geographic name | Czech Republic |
| 866 #0 - TEXTUAL HOLDINGS--BASIC BIBLIOGRAPHIC UNIT | |
| -- | 1990/12-2007/Q4 (unvollständig) |
| 866 #0 - TEXTUAL HOLDINGS--BASIC BIBLIOGRAPHIC UNIT | |
| -- | <br><br><br>vorhanden:<br>1990/12<br>1991/12<br>1992/12<br>1993/12<br>1994/12<br>1995/12<br>1996/Q4<br>1997/Q4<br>1998/Q4<br>2000/Q4<br>2001/Q4<br>2002/Q4<br>2003/Q4<br>2005/Q1, Q2, Q3, Q4<br>2006/Q1, Q2, Q3, Q4<br>2007/Q1, Q2, Q3, Q4 |
| 942 ## - ADDED ENTRY ELEMENTS (KOHA) | |
| Koha item type | Statistics |
| Withdrawn status | Lost status | Damaged status | Not for loan | Home library | Current library | Shelving location | Date acquired | Inventory number | Total Checkouts | Barcode | Date last seen | Price effective from | Koha item type |
|---|---|---|---|---|---|---|---|---|---|---|---|---|---|
| WIIW | WIIW | Library | 08/18/2008 | 7847 | 10003776 | 01/26/2017 | 01/26/2017 | Statistics |
